People's countries of birth by flag - Statistics

General Stats
  • This quiz has been taken 50 times
  • The average score is 5 of 10
Answer Stats
Question Answer % Correct
Rafael Nadal, tennis player
90%
Melania Trump, first lady
88%
Prince Philip, the Queen's consort
71%
Oscar Wilde, writer
69%
Katie Melua, singer
48%
Bruce Willis, actor
29%
Alexander Hamilton, statesman
25%
Louis Baillon, 1908 Olympic hockey gold medallist
19%
Eddie Izzard, comedian
15%
Julien Alfred, Olympic 100m champion
13%
No matching quizzes found
Score Distribution
Percent of People with Each Score
Percentile by Number Answered
Your Score History
You have not taken this quiz